| 000 | 01107nam2a22002771 4500 | ||
|---|---|---|---|
| 001 | rc\4457057 | ||
| 005 | 20260406165800.0 | ||
| 021 |
_aRU _bРг3210-64 |
||
| 035 | _a(NLR Aleph) 008322115 | ||
| 090 |
_a8763491 _c8763491 |
||
| 100 | _a20130416d1964 |||y0rusy50 ca | ||
| 101 | 0 | _arus | |
| 102 | _aRU | ||
| 105 | _aa z ||||| | ||
| 200 | 1 | _aМрамор и железобетон | |
| 210 |
_aСаранск _cМордов. кн. изд-во _d1964 |
||
| 215 |
_a1 л., слож. в [10] с. _cил. |
||
| 461 | 0 |
_1001rc\4457053 _12001#$aВ помощь слушателям университетов культуры$v[4] _98763468 _cСаранск _d1964 _nМордов. кн. изд-во _p7 брошюр в обертке _tВ помощь слушателям университетов культуры _v[4] |
|
| 700 | 1 |
_8rus _7ca _aЭрьзя _bС. Д. _f1876-1959 _gСтепан Дмитриевич _3RU\NLR\AUTH\7712392 _9122108 |
|
| 701 | 1 |
_aЛебедева _bС. |
|
| 801 | 0 |
_aRU _bNLR _gpsbo |
|
| 801 | 1 |
_aRU _bELAR _2rusmarc |
|
| 852 |
_aNLR _j64-1/510 |
||
| 942 | _cBOOK | ||
| 980 | _aNB | ||